01575cam a22003374i 4500003000900000005001700009008004100026035001900067040003300086082001900119100003300138245004600171264004600217300003400263336002100297337002500318338002300343505076000366526001001126526001001136526001001146526001001156526000801166526000801174526000801182526000801190526000801198526000801206526000801214600001501222PE-LiUPU20250731172816.0150617s r 000 0 d a(Sirsi) a13829 aPE-LiUPUbspacPE-LiUPUerda04a232.9bF242211 aFarrar, Frederic W.,eautor.14aThe life of Chirst /cFrederic W. Farrar. 1aLondon :bCassell Petter & Galpin,c1875. a768 páginas :bil. ;c20 cm atext2rdacontent aunmediated2rdamedia avolume2rdacarrier0 aThe nativity. -The presentation in the temple. -The visit of the magi. -The flight into Egypt, and massacre of the innocents. -The boyhood of Jesús. -Jesús in th tenple. -The home at Nazareth. -The baptism of Jhon. -The temptation. -The first apostles. -The first miracle. -The scene of the ministry. -Jesus at the passover. -Nicodemus. -The woman of Samaria. -Rejected by the Nazarenes. -The begnning of the Galilean ministry. -The twelve, and the sermon on the mount. -Further miracles. -Jesus at nain. -The sinner and the pharisee. -Jesus as he lived in Galilee. -A great day in the life of Jesus. -The day of mattwe's feast. -The day of matthew's feast (continued). -A visit to Jerusalem. -The miracle at Bethesda. -The murder of Jhon the baptist. aSEG42 aSEG41 aSEG40 aSEG39 aP94 aP87 aP86 aP85 aP77 aP76 aP351 aJesucristo